00761nab a2200229 uc450000100070000000500170000700800410002403500110006503500210007604000130009704100080011010000510011824500660016965000250023565000220026065000380028265000370032070000430035777301020040094200100050299900190051289108420240201194205.0040920e20000501 spa  a891084 a(OCoLC)820295538 ccomduadb aspa10aSolle Castellanos, Miriam V.4auteaut939583310aPesquisaje de tuberculosis pulmonar en pacientes con VIH/sida aTuberculosis9176241 7aSIDA2lemb964892 aMycobacterium tuberculosis925624 aAcciones de enfermería913686410aCiria Munoz, Nereida4auteaut95314530 tRevista Cubana de Enfermería (La Habana)gVol. 16, No. 02, Ago. 2000, p. 96-100w3813540108436 cARIMP c326418d326418